| 000 | 00445nam a2200193Ia 4500 | ||
|---|---|---|---|
| 008 | 170918s9999 xx 000 0 und d | ||
| 020 | _a9780590947152 | ||
| 050 | _bR994 1995 | ||
| 100 | _aRylant, Cynthia | ||
| 245 | _aGooseberry park / | ||
| 245 | _cby Cynthia Rylant. | ||
| 260 | _aNew York : | ||
| 260 | _bScholastic, | ||
| 260 | _c1995 | ||
| 300 | _a133 pages : | ||
| 300 | _billustrations ; | ||
| 300 | _c19cm. | ||
| 500 | _a780 | ||
| 999 |
_c343320 _d343320 |
||